000 00641cam a2200229 a 4500
001 518370
005 20171218095227.0
008 870312s1987 nyuaf b 001 0 eng
010 _a 86045668
020 _a0060157003 :
_c$27.95
040 _aDLC
_cDLC
_dDLC
041 _aeng
043 _an-us---
080 _a342.730229 KOL
082 0 0 _a342.730229 KOL
_219
100 1 _a13
101 _aJUR
245 1 4 _aThe enduring Constitution :
_cJethro K. Lieberman.
504 _aBibliography: p. [482]-484.
906 _a7
_bcbc
_corignew
_d1
_eocip
_f19
_gy-gencatlg
942 _2ddc
_cBK
999 _c39124
_d39124